<?xml version="1.0" encoding="UTF-8"?>
<record
    xmlns:xsi="http://www.w3.org/2001/XMLSchema-instance"
    xsi:schemaLocation="http://www.loc.gov/MARC21/slim http://www.loc.gov/standards/marcxml/schema/MARC21slim.xsd"
    xmlns="http://www.loc.gov/MARC21/slim">

  <leader>01021nam a2200265 a 4500</leader>
  <controlfield tag="001">BRCA_7486</controlfield>
  <controlfield tag="005">20190320205844.0</controlfield>
  <controlfield tag="008">250413m19161925sp-####f##---#000-0#cat-#</controlfield>
  <datafield tag="041" ind1=" " ind2=" ">
    <subfield code="a">cat</subfield>
  </datafield>
  <datafield tag="044" ind1=" " ind2=" ">
    <subfield code="a">sp</subfield>
  </datafield>
  <datafield tag="050" ind1=" " ind2="4">
    <subfield code="a">Z8158</subfield>
    <subfield code="b">.C38 1916</subfield>
  </datafield>
  <datafield tag="245" ind1="1" ind2="0">
    <subfield code="a">Cat&#xE1;leg de la Colecci&#xF3; Cerv&#xE1;ntica</subfield>
    <subfield code="c">formada por Isidro Bonsoms i Sicart ; i cedida per ell a la Biblioteca de Catalunya ; redactat per Joan Givanel i Mas.</subfield>
  </datafield>
  <datafield tag="260" ind1=" " ind2=" ">
    <subfield code="a">Barcelona</subfield>
    <subfield code="b">Institut D&#xB4;Estudis Catalans</subfield>
    <subfield code="c">1916-1925</subfield>
  </datafield>
  <datafield tag="300" ind1=" " ind2=" ">
    <subfield code="a">3 v.</subfield>
    <subfield code="c">27 cm.</subfield>
  </datafield>
  <datafield tag="500" ind1=" " ind2=" ">
    <subfield code="a">ver tambi&#xE9;n R20 (versi&#xF3;n en espa&#xF1;ol iniciada en 1941)</subfield>
  </datafield>
  <datafield tag="500" ind1=" " ind2=" ">
    <subfield code="a">R15</subfield>
  </datafield>
  <datafield tag="505" ind1="0" ind2=" ">
    <subfield code="a">Contenido: v.1. 1590-1800. -- v.2. 1801-1897. -- v.3. 1880-1915</subfield>
  </datafield>
  <datafield tag="600" ind1="1" ind2="4">
    <subfield code="a">Cervantes Saavedra, Miguel de</subfield>
    <subfield code="d">1547-1616</subfield>
    <subfield code="v">Bibliograf&#xED;a</subfield>
    <subfield code="9">7606</subfield>
  </datafield>
  <datafield tag="650" ind1="1" ind2="4">
    <subfield code="a">Obras literarias</subfield>
    <subfield code="v">Cat&#xE1;logos</subfield>
    <subfield code="z">Espa&#xF1;a</subfield>
    <subfield code="9">18432</subfield>
  </datafield>
  <datafield tag="700" ind1="1" ind2=" ">
    <subfield code="a">Bonsoms i Sicart, Isidro</subfield>
    <subfield code="d">1849-1922</subfield>
    <subfield code="e">comp.</subfield>
    <subfield code="9">18433</subfield>
  </datafield>
  <datafield tag="700" ind1="1" ind2=" ">
    <subfield code="a">Givanel i Mas, Jo&#xE0;n</subfield>
    <subfield code="9">18434</subfield>
  </datafield>
  <datafield tag="710" ind1="2" ind2=" ">
    <subfield code="a">Biblioteca de Catalunya, Barcelona</subfield>
    <subfield code="9">18435</subfield>
  </datafield>
  <datafield tag="902" ind1=" " ind2=" ">
    <subfield code="a">GFM</subfield>
  </datafield>
  <datafield tag="942" ind1=" " ind2=" ">
    <subfield code="2">lcc</subfield>
    <subfield code="c">B</subfield>
  </datafield>
  <datafield tag="999" ind1=" " ind2=" ">
    <subfield code="c">7161</subfield>
    <subfield code="d">7161</subfield>
  </datafield>
  <datafield tag="952" ind1=" " ind2=" ">
    <subfield code="0">0</subfield>
    <subfield code="1">0</subfield>
    <subfield code="4">0</subfield>
    <subfield code="7">0</subfield>
    <subfield code="a">BRCA</subfield>
    <subfield code="b">BRCA</subfield>
    <subfield code="d">2013-04-25</subfield>
    <subfield code="i">R15</subfield>
    <subfield code="l">0</subfield>
    <subfield code="o">Z8158 .C38 1916 (R15)</subfield>
    <subfield code="p">8090</subfield>
    <subfield code="r">2019-03-22 00:00:00</subfield>
    <subfield code="w">2019-03-22</subfield>
    <subfield code="y">B</subfield>
  </datafield>
</record>
